000 00522nam a2200145Ia 4500
008 220204s9999 xx 000 0 und d
082 _a338.45:633.72
_bIST
245 0 _aImpact of science on the economics of tea industry: 3rd International Conference on Global Advances in Tea Science, 20-22 November 2003, Kolkata
260 _aNew Delhi
_bInternational Society of Tea Science
_c2004
650 _aEcofriendly management
650 _aOrganic tea farming
650 _aTea pests
650 _aTea quality
942 _cBK
999 _c42432
_d42432